| LEADER |
01006nam0a2200241 450 |
| 001 |
16862253 |
| 010 |
|
|
|a 978-2-302-09138-2
|b rel.
|d 15,5
|
| 100 |
|
|
|a 20231230d2026 u u0frey01 ba
|
| 101 |
0 |
|
|a fre
|
| 102 |
|
|
|a FR
|
| 200 |
0 |
|
|a royaume des lions (Le)
|f Girard, Omont, Neyret
|
| 207 |
|
1 |
|a
|
| 210 |
|
|
|a Toulon
|c Soleil
|d imp. 2022
|
| 215 |
|
|
|a 1 vol. (56 p.)
|c ill. en coul.
|d 30 cm
|
| 225 |
1 |
|
|a Lulu et Nelson
|v 2
|
| 330 |
|
|
|a Lulu et Nelson vont tenter de capturer un lion sauvage en Afrique du Sud. Mais dans un pays où le racisme est monnaie courante, les enfants sont en danger. Le second tome d'une saga jeunesse qui aborde avec brio des sujets sensibles et d'actualité.
|
| 461 |
|
0 |
|t Lulu et Nelson
|v 2
|
| 700 |
|
0 |
|a Girard
|b Charlotte
|f 1973-....
|4 70
|
| 701 |
|
0 |
|a Omont
|b Jean-Marie
|4 70
|
| 701 |
|
0 |
|a Neyret
|b Aurélie
|f 1983-....
|4 70
|
| 900 |
|
|
|a Bande Dessinée (enfants)
|
| 901 |
|
|
|a Jeunesse
|
| 995 |
|
|
|a Médiathèque
|c Médiathèque
|f 089019927
|h 089019927
|k BD LUL 2
|o p
|q j
|r az
|e Médiathèque
|